Every Song on The Downward Spiral by Nine Inch Nails - Statistics

General Stats
  • This quiz has been taken 18 times
    11 since last reset
  • The average score is 12 of 14
Answer Stats
Hint Answer % Correct
14 Hurt
100%
2 Piggy
100%
12 Reptile
100%
5 Closer
91%
4 March of the Pigs
91%
1 Mr Self Destruct
91%
13 The Downward Spiral
91%
11 Eraser
82%
3 Heresy
82%
6 Ruiner
82%
9 Big Man With A Gun
73%
10 A Warm Place
64%
7 The Becoming
64%
8 I Do Not Want This
55%
No matching quizzes found
Score Distribution
Percent of People with Each Score
Percentile by Number Answered
Your Score History
You have not taken this quiz since the last reset